| 000 | 00443nam a2200169Ia 4500 | ||
|---|---|---|---|
| 008 | 130318s9999 xx 000 0 und d | ||
| 020 | _a9788120338067 | ||
| 082 | _a005.13 FRI/E;5 | ||
| 100 | _aFriedman, Daniel P | ||
| 245 | _aEssentials of programming languages | ||
| 250 | _a3 | ||
| 260 |
_bMIT Press _aNew Delhi _c2008 |
||
| 300 | _a410 | ||
| 650 | _aPROGRAMMING LANGUAGES | ||
| 650 | _aSLLGEN PARSING SYSTEM | ||
| 700 | _aWand, Mitchell | ||
| 999 |
_c2053 _d2053 |
||